| 000 | 00799nam a22002297a 4500 | ||
|---|---|---|---|
| 999 |
_c7518 _d7518 |
||
| 001 | 7518 | ||
| 003 | BD-JhCC | ||
| 005 | 20180211111858.0 | ||
| 008 | 171021s2005 bg |||| ||a| 000 0 ben d | ||
| 020 | _a9844030315 | ||
| 035 | _a(BD-JhCC) 7518 | ||
| 040 |
_aBD-JhCC _dBD-JhCC |
||
| 041 | _aben | ||
| 082 |
_a330.9549205 _bULL 2005 |
||
| 100 | _aউল্যাহ্, মোহাম্মদ ওয়াজি | ||
| 245 |
_aবাংলাদেশের উন্নয়নে বিকল্প ভাবনা ১ / _cমোহাম্মদ ওয়াজি উল্যাহ্ |
||
| 260 |
_aঢাকা : _bপাণ্ডূলিপি, _c2005 |
||
| 300 |
_a225 p. : _c22 cm |
||
| 650 |
_aEconomic Development _zBangladesh |
||
| 942 |
_2ddc _cBK |
||